| 000 | 01461cam a2200373 a 4500 | ||
|---|---|---|---|
| 005 | 20260322212040.0 | ||
| 008 | data | ||
| 010 | _a 2012020878 | ||
| 020 | _a9780743236720 (pbk.) | ||
| 020 | _z9780743236720 (trade pbk. : alk. paper) | ||
| 020 | _z9781439183106 (ebook : alk. paper) | ||
| 020 | _z9781442356108 (eaudio : alk. paper) | ||
| 020 | _z9781442357433 (audio book : alk. paper) | ||
| 040 |
_aDLC _cDLC _dDLC |
||
| 042 | _apcc | ||
| 043 | _an-us--- | ||
| 050 | 0 | 0 |
_aHV888.5 _b.S65 2012 |
| 082 | 0 | 0 |
_a362.4083/0973 _223 |
| 092 | _a362.4 S65 2012 | ||
| 100 | 1 |
_aSolomon, Andrew, _d1963- |
|
| 245 | 1 | 0 |
_aFar from the tree : _bparents, children and the search for identity / _cAndrew Solomon. |
| 250 | _a1st Scribner hardcover ed. | ||
| 260 |
_aNew York : _bScribner, _c2012. |
||
| 300 |
_aix, 962 p. ; _c25 cm. |
||
| 504 | _aIncludes bibliographical references (p. 831-906) and index. | ||
| 505 | 0 | _aSon -- Deaf -- Dwarfs -- Down syndrome -- Autism -- Schizophrenia -- Disability -- Prodigies -- Rape -- Crime -- Transgender -- Father. | |
| 650 | 0 |
_aChildren with disabilities _zUnited States _xPsychology. |
|
| 650 | 0 |
_aExceptional children _zUnited States _xPsychology. |
|
| 650 | 0 |
_aParents of children with disabilities _zUnited States. |
|
| 650 | 0 |
_aParents of exceptional children _zUnited States. |
|
| 650 | 0 |
_aIdentity (Psychology) _zUnited States. |
|
| 650 | 0 |
_aParent and child _zUnited States _xPsychological aspects. |
|
| 001 | data | ||
| 999 |
_c933 _d933 |
||